000 00983nam a2200313#a 4500
001 00928
003 HDC
007 ta
008 230623s2002 xx 000 0 eng d
020 _a0198605757 (hbk.).
040 _aHDC
050 _aref PE 1625
_b.S47 2002 V.2
245 0 _aShorter Oxford English dictionary on historical principles /
_c [editors, William R. Trumble, Angus Stevenson].
250 _a5th ed.
264 _aNew York :
264 _aOxford
_bOxford University Press,
_c2002
300 _a1 v. (xxvii, 3750 p.) ;
_c 29 cm.
500 _aEditor-in-chief, Lesley Brown.
_aRev. ed. of: The new shorter Oxford English dictionary on historical principles. 1993.
504 _av. 2. N-Z.
650 _aEnglish language
_vDictionaries.
700 _aBrown, Lesley.
700 _aStevenson, Angus.
700 _aStevenson, Angus.
700 _aTrumble, William R.
942 _2lcc
942 _cBK
942 _kref PE 1625
942 _m.S47 2002 V.2
999 _c24223
_d24223